000 00471nam a2200217Ia 4500
003 UOL
005 20170105103458.0
008 110910s9999 xx 000 0 und d
020 _a0632025093
040 _cASAB
100 _aHelen chapel
_9728
245 _aEssentials of clinical immunology
260 _aLondon
260 _bELBS
260 _c1988.00
300 _ax; 466p.
546 _aEng.
563 _aPbk
650 _aImmunology
_9729
942 _cBK
_2ddc
999 _c16986
_d16986